| 000 | 02176nam0a2200397 4500 | ||
|---|---|---|---|
| 001 | RU\NLR\BIBL_A\022619921 | ||
| 005 | 20260420053230.0 | ||
| 010 |
_a978-5-392-42729-1 _95000 |
||
| 021 |
_aRU _bКН-П-25-043858 _9КН-П-25-4268 |
||
| 035 | _a(NLR Aleph) 022619921 | ||
| 090 |
_a13684129 _c13684129 |
||
| 100 | _a20250911d2025 u y0rusy50 ca | ||
| 101 | 0 | _arus | |
| 102 | _aRU | ||
| 105 | _aac||z|||000gy | ||
| 181 | 0 |
_ai2 _baxxe |
|
| 181 | 0 |
_ab2 _bxb2e |
|
| 182 | 1 | _an | |
| 200 | 1 |
_aБородино _eподробный иллюстрированный комментарий _eдля детей дошкольного и школьного возраста _fМ. Ю. Лермонтов _gидея и комментарии: Леонид Рожников _gиллюстрации [внутренней книги]: В. Г. Шевченко _gиллюстрации и дизайн [внешней книги]: Наталья Акимова |
|
| 203 |
_aТекст _aИзображение _bвизуальные _cнепосредственные |
||
| 210 |
_aМосква _cПроспект _d2025 |
||
| 215 |
_a47 с. _cцв. ил., портр. _d26 |
||
| 225 | 1 | _aКнига в книге | |
| 333 | _a6+ | ||
| 604 |
_1700#1$aЛермонтов$bМ.Ю.$gМихаил Юрьевич$f1814 - 1841 _1500##$a"Бородино"$jКомментарии$2nlr_sh1$2nlr_sh2$3RU\NLR\AUTH\66673019 _aЛермонтов, Михаил Юрьевич (1814 - 1841) _t"Бородино" _jКомментарии _91542770 _3RU\NLR\AUTH\66673019 |
||
| 686 | 0 |
_aШ9 _bШ5(2=Р)51-4Лермонтов |
|
| 686 | 2 | _aШ5(2=Р)51-4Лермонтов535 | |
| 700 | 1 |
_7ca _8rus _aЛермонтов _bМ. Ю. _cпоэт _f1814-1841 _gМихаил Юрьевич _9110383 _3RU\NLR\AUTH\77328 |
|
| 702 | 1 |
_4040 _7ca _8rus _aШевченко _bВ. Г. _cхудожник _f1922-2008 _gВладимир Гаврилович _989454 _3RU\NLR\AUTH\77106529 |
|
| 702 | 1 |
_aАкимова _bН. _gНаталья _4040 |
|
| 942 | _cBOOK | ||
| 980 | _aNB | ||